|
|
|
|
| LEADER |
00822nam a22001817a 4500 |
| 020 |
|
|
|a 8180381099
|
| 074 |
|
|
|a 6067
|
| 082 |
|
|
|a 341.48 JAY'05
|
| 100 |
|
|
|a Jayakumar, N K
|9 30
|
| 245 |
|
|
|a International law and human rights
|
| 260 |
|
|
|a New Delhi
|b Lexix Nexis
|c 2005
|
| 300 |
|
|
|a xviii+369p.
|
| 500 |
|
|
|a Includes bibliographical refernces and index
|
| 653 |
|
|
|a International law
|a Human rights
|a Law
|
| 999 |
|
|
|c 30
|d 30
|
| 952 |
|
|
|0 0
|1 0
|2 udc
|4 0
|6 34148_JAY205
|7 0
|9 44
|a NUALS
|b NUALS
|d 2009-06-11
|l 0
|o 341.48 JAY.2'05
|p 6067
|r 2016-12-30
|t 1
|w 2009-06-11
|y REF
|
| 952 |
|
|
|0 0
|1 0
|2 udc
|4 0
|6 34148_JAY05
|7 0
|9 45
|a NUALS
|b NUALS
|d 2009-08-24
|l 1
|o 341.48 JAY'05
|p 4133
|r 2018-09-24
|s 2018-09-24
|t 2
|w 2009-08-24
|y BK
|
| 952 |
|
|
|0 0
|1 0
|2 udc
|4 0
|6 34148_JAY05
|7 0
|9 46
|a NUALS
|b NUALS
|d 2009-08-24
|l 22
|m 2
|o 341.48 JAY'05
|p 4468
|r 2019-11-18
|s 2019-11-04
|t 3
|w 2009-08-24
|y BK
|